Estadística para psicología

Uloženo v:
Podrobná bibliografie
Hlavní autoři: Aron, Arthur (Autor), Aron, Elaine N (Autor)
Médium: Kniha
Jazyk:španělština
Vydáno: Buenos Aires Pearson Education 2001
Témata:
Tagy: Přidat tag
Žádné tagy, Buďte první, kdo vytvoří štítek k tomuto záznamu!

MARC

LEADER 00000nam a2200000 a 4500
001 UCM9329
003 CL-VaPUC
008 030417e20010000AG |||||||||||||||||spa|d
082 0 4 |a 150.727  |b ARO  |2 21 
100 0 |a Aron, Arthur  |e author  |9 475851 
700 0 |a Aron, Elaine N  |e author  |9 475852 
245 1 0 |a Estadística para psicología 
300 |a 704 p 
942 |c BK 
945 |d 20030417 00:00:00  |a cmena 
260 |a Buenos Aires  |b Pearson Education  |c 2001 
650 0 |a Estadística matemática  |9 260028 
650 0 |a Estadística aplicada  |9 270522 
650 0 |a Psicología   |9 257863 
650 0 |a Métodos estadísticos   |9 259407 
650 0 |a Muestreo (Estadística)  |9 270232 
583 |a last modification  |c 20030417 00:00:00  |k Rodrigo Vera 
999 |c 303650  |d 303648 
952 |0 0  |1 0  |4 0  |6 150_727000000000000_ARO_2001  |7 0  |8 A  |9 365113  |a BIBENE  |b BIBENE  |d 2019-11-21  |i 389777K  |o 150.727 ARO 2001  |p 389777K  |r 2025-01-15  |w 2019-11-21  |y BK  |k ICO 
952 |0 0  |1 0  |4 0  |6 150_727000000000000_ARO_2001  |7 0  |8 A  |9 365114  |a BIBGIM  |b BIBGIM  |d 2019-11-21  |i 4070992  |o 150.727 ARO 2001  |p 4070992  |r 2025-01-15  |w 2019-11-21  |y BK  |k EST